000 00260nam a2200109Ia 4500
008 200302s9999 xx 000 0 und d
100 _aF. R. S. Yorke
245 _aThe Modern House In England
260 _bThe Architectural Press
260 _c1947
300 _a134 P.,
999 _c7
_d7